banner-ar

مصر : مائة سنة سينما / (Record no. 47588)

MARC details
000 -الفاتح
حقل البيانات ثابتة الطول 00628nam a2200181Ia 4500
008 - عناصر البيانات ثابتة الطول - معلومات عامة
حقل البيانات ثابتة الطول 140319s9999 xx 000 0 ara d
040 ## - مصدر الفهرسة
وكالة الفهرسة الأصلية GCL /
وكالة النسخ GCL
082 04 - رقم تصنيف ديوى العشرى
رقم التصنيف 791.437
رقم المادة س م
100 1# - المدخل الرئيسى - إسم شخصى
الإسم الشخصى سعدالدين وهبة
245 10 - بيان العنوان
العنوان مصر : مائة سنة سينما /
بيان المسئوليه,etc سعدالدين وهبة
700 1# - المدخل الاضافى - اسم شخصى
الإسم الشخصى احمد رافت بهجت
300 ## - الوصف المادى
التعداد 421 ص
650 04 - المدخل الاضافى بالموضوع-مصطلح موضوعى
مصطلح موضوعي السينما المصرية - تاريخ
650 04 - المدخل الاضافى بالموضوع-مصطلح موضوعى
مصطلح موضوعي الافلام السينمائية - مصر
942 ## - عناصر المدخل الإضافي( كوها)
مصدر التصنيف او مخطط الترفيف Dewey Decimal Classification
Koha [default] item type كتاب
260 ## - PUBLICATION, DISTRIBUTION, ETC. (IMPRINT)
-- القاهرة :
-- مطبوعات مهرجان القاهرة السينمائى الدولى
Holdings
حالة التراجع حالة الفقد حالة تلف ليس للاعارة المكان المؤقت الموقع الحالى تاريخ الاكتساب اجمالي اﻻعارات رقم الطلب الباركود تاريخ اخر مشاهدة تاريخ تفعيل السعر نوع وعاء كوها
        مكتبة القاهرة الكبرى مكتبة القاهرة الكبرى 03/26/2014   791.437\س م 114845 03/26/2014 03/26/2014 كتاب
        مكتبة القاهرة الكبرى مكتبة القاهرة الكبرى 03/26/2014   791.437\س م 114846 03/26/2014 03/26/2014 كتاب

Powered By

EGPV